000 00876nam a22002897a 4500
001 5731
003 FISKH
005 20250117084010.0
008 250117b cb ||||| |||| 00| 0 eng d
020 _a9780545767316
040 _aFISKH
_beng
_cFISKH
_dFISKH
050 _aPZ7
082 _a398.2
100 _aCharlesworth, Liza
245 _aStone soup /
_cRetold by Liza Charlesworth ; illustrated by Ian Smith
260 _aNew York :
_bScholastic,
_c2014.
300 _a16 pages :
_bcolor illustrations ;
_c23 cm
490 _aJust Right Leveled Readers
505 _aF
520 _aA man is hungry. Hungry for soup! Can he make soup with a stone?
521 8 _a310
_bLexile estimate
521 8 _aF
_bRaz-Plus
650 _afairy tales
_vFiction
_xStone Soup
700 _aSmith, Ian
_eillustrator
942 _2ddc
_cBK
_n0
999 _c5731
_d5731